Alessandro Pini viaggiatore in Egitto (1681-1683) : mostra di stampe e riproduzioni fotografiche /

محفوظ في:

المؤلف الرئيسي: Minutoli, Diletta.

مؤلف مشترك: Istituto italiano di cultura del Cairo.

مؤلفون آخرون: Bresciani, Edda.

التنسيق: كتاب

اللغة: Italian
Arabic

منشور في: Cairo : Istituto italiano di cultura del Cairo, 2005.

سلاسل: Bibliotheca Archeologica ; 2a.
BiblArch. ; 2a.

الموضوعات:

الوسوم: إضافة وسم

لا توجد وسوم, كن أول من يضع وسما على هذه التسجيلة!

رقم الطلب: DT57 .I95 v.2a

LEADER 01301cam a2200325Ma 4500
001 ocn481002961
003 OSt
005 20241121090804.0
008 090903s2005 ua abc c 000 0 ita d
999 |c 55334  |d 55334 
040 |c ARCE Library 
041 0 |a ita  |a ara 
043 |a f-ua--- 
050 4 |a DT57 .I95 v.2a 
100 1 |a Minutoli, Diletta. 
245 1 0 |a Alessandro Pini viaggiatore in Egitto (1681-1683) :  |b mostra di stampe e riproduzioni fotografiche /  |c Diletta Minutoli. Athanasius Kircher : un "egittologo" del XVII secolo / Edda Bresciani. 
264 1 |a Cairo :  |b Istituto italiano di cultura del Cairo,  |c 2005. 
300 |a xviii, 107 pages :  |b chiefly illustrations, maps, portraits ;  |c 24 cm. 
490 0 |a Bibliotheca Archeologica ;   |v 2a. 
490 0 |a BiblArch. ;   |v 2a. 
500 |a At head of title: Istituto italiano di cultura del Cairo. 
546 |a Preliminary matter also in Arabic. 
600 1 0 |a Pini, Alessandro,  |d 1653-1717  |v Exhibitions. 
600 1 0 |a Kircher, Athanasius,  |d 1602-1680. 
651 0 |a Egypt  |x Description and travel  |v Exhibitions. 
651 0 |a Egypt  |x Description and travel. 
700 1 |a Bresciani, Edda.  |t Athanasius Kircher : un "egittologo" del XVII secolo. 
710 2 |a Istituto italiano di cultura del Cairo. 
901 |a reviewed 
942 |2 lcc  |c BK